<?xml version="1.0" encoding="UTF-8"?>
<collection xmlns="http://www.loc.gov/MARC21/slim">
<record>
  <controlfield tag="001">30426</controlfield>
  <controlfield tag="005">20220718113032.0</controlfield>
  <datafield tag="037" ind1=" " ind2=" ">
    <subfield code="a">NORMAS-2014-224</subfield>
  </datafield>
  <datafield tag="100" ind1=" " ind2=" ">
    <subfield code="a">Rector de la Universidad de Zaragoza</subfield>
  </datafield>
  <datafield tag="245" ind1=" " ind2=" ">
    <subfield code="a">Instrucciones relativas a los gastos protocolarios.</subfield>
  </datafield>
  <datafield tag="260" ind1=" " ind2=" ">
    <subfield code="a">Zaragoza</subfield>
    <subfield code="b">Consejo de Gobierno de la Universidad de Zaragoza</subfield>
    <subfield code="c">2013-01-31</subfield>
  </datafield>
  <datafield tag="653" ind1="1" ind2=" ">
    <subfield code="a">Protocolo y honores</subfield>
  </datafield>
  <datafield tag="700" ind1=" " ind2=" ">
    <subfield code="a">Rector de la Universidad de Zaragoza</subfield>
  </datafield>
  <datafield tag="650" ind1=" " ind2=" ">
    <subfield code="a">Instrucciones</subfield>
  </datafield>
  <datafield tag="650" ind1=" " ind2=" ">
    <subfield code="a">Gastos</subfield>
  </datafield>
  <datafield tag="650" ind1=" " ind2=" ">
    <subfield code="a">Protocolo </subfield>
  </datafield>
  <datafield tag="856" ind1="0" ind2=" ">
    <subfield code="f">secregen@unizar.es</subfield>
  </datafield>
  <datafield tag="856" ind1="4" ind2=" ">
    <subfield code="s">197350</subfield>
    <subfield code="u">http://zaguan.unizar.es/record/30426/files/norma_ProtocoloGastosProtocolarios_2013_original.pdf</subfield>
    <subfield code="y">Resolución 31 enero 2013, Rector (DEROGADA)</subfield>
    <subfield code="z">1</subfield>
  </datafield>
  <datafield tag="856" ind1="4" ind2=" ">
    <subfield code="s">1044389</subfield>
    <subfield code="u">http://zaguan.unizar.es/record/30426/files/gastos_protocolarios2017.pdf</subfield>
    <subfield code="y">Resolucion 11 enero 2017, Rector</subfield>
  </datafield>
  <datafield tag="920" ind1=" " ind2=" ">
    <subfield code="a">BOUZ 1-13 20/02/2013</subfield>
  </datafield>
  <datafield tag="980" ind1=" " ind2=" ">
    <subfield code="a">NORMAS</subfield>
  </datafield>
</record>
</collection>